000 00998cam a2200241 4500
001 ABS64823
008 011122n2001 000 0 eng u
035 _a(Sirsi) u115709
100 _aCahill, A.
245 _aCusp of renewal watershed
260 _c2001
490 _aPlanning (for the Natural and Built Environment)
_v(1444) 9 November 2001, 16(1)
520 _aConsiders how government's planning green paper fits in with wider regeneration policies. Examines the changing environment that planners will be working in, and looks in particular at three interlinked policy areas that government will need to consider - the urban sustainability agenda, neighbourhood renewal and community strategies.
590 _aABS
650 _aURBAN RENEWAL
650 _aGOVERNMENT
650 _aGREEN PAPER
650 _aPLANNERS
650 _aREGENERATION POLICY
650 _aNEIGHBOURHOOD RENEWAL
690 _aENVIRONMENTAL AND LAND CONSULTANCY-PLANNING AND DEVELOPMENT
942 _n0
999 _c68920
_d68920